000 00418cam a2200157ua 4500
041 _aeng
_h
082 _a828.09
_bTRI/LI
100 _aTrilling, Leonel .
245 _aLiberal imagination : essays on literature and society /
_cLionel Trilling.
_hTextual Documents
250 _a1 /
_b.
260 _aLondon :
_bSecker & Warburg ,
_c1964.
300 _a303 ; .
504 _a
942 _cBK
999 _c8594
_d8594